[Event "World op 37th"]
[Site "Philadelphia"]
[Date "2009.07.05"]
[Round "8"]
[White "Kamsky, Gata"]
[Black "Friedel, Joshua E"]
[Result "1-0"]
[WhiteElo "2720"]
[BlackElo "2516"]
[PlyCount "67"]
[EventDate "2009.06.29"]
[EventType "swiss"]
[EventRounds "9"]
[EventCountry "USA"]
[SourceTitle "CBM 131 Extra"]
[Source "ChessBase"]
[SourceDate "2009.09.03"]
[SourceVersion "2"]
[SourceVersionDate "2009.09.16"]
[SourceQuality "1"]

1. d4 Nf6 2. Nf3 e6 3. c4 b6 4. a3 Ba6 5. Qc2 Bb7 6. Nc3 c5 7. e4 cxd4 8. Nxd4
Bc5 9. Nb3 Nc6 10. Bf4 e5 11. Bg5 h6 12. Bh4 O-O 13. f3 Rc8 14. O-O-O a6 15.
Kb1 Nd4 16. Nxd4 Bxd4 17. Bf2 Bxf2 18. Qxf2 b5 19. cxb5 axb5 20. Nxb5 d5 21.
exd5 Nxd5 22. Bd3 Qe7 23. Rhe1 Rfd8 24. g3 Rb8 25. f4 Bc6 26. Rxe5 Qf8 27. Qe2
Qc5 28. Rc1 Qb6 29. a4 Nb4 30. Bc4 Bd5 31. Bxd5 Nxd5 32. Rd1 Qc6 33. Qe4 f5 34.
Qh1 1-0

[Event "Mainz Ordix op 16th"]
[Site "Mainz"]
[Date "2009.08.01"]
[Round "1"]
[White "Bonnaire, Ulrich"]
[Black "Kamsky, Gata"]
[Result "0-1"]
[WhiteElo "2208"]
[BlackElo "2717"]
[PlyCount "60"]
[EventDate "2009.08.01"]
[EventType "swiss (rapid)"]
[EventRounds "11"]
[EventCountry "GER"]
[SourceTitle "CBM 131 Extra"]
[Source "ChessBase"]
[SourceDate "2009.09.03"]
[SourceVersion "2"]
[SourceVersionDate "2009.09.16"]
[SourceQuality "1"]

1. e4 c5 2. Nf3 e6 3. d4 cxd4 4. Nxd4 a6 5. Bd3 Bc5 6. Nb3 Ba7 7. Nc3 d6 8. Qe2
Nf6 9. Be3 b5 10. a3 O-O 11. O-O e5 12. Bxa7 Rxa7 13. h3 Be6 14. f4 Nc6 15. Nd2
exf4 16. Rxf4 g6 17. Qf2 Nh5 18. Rh4 Qf6 19. Rf1 Qxf2+ 20. Rxf2 Kg7 21. Be2 Nf6
22. Rhf4 Nd7 23. g4 Nde5 24. Rg2 Rc7 25. Nd5 Bxd5 26. exd5 Ne7 27. c4 bxc4 28.
Nxc4 Nxd5 29. Rd4 Nxc4 30. Bxc4 Ne3 0-1

[Event "Mainz Ordix op 16th"]
[Site "Mainz"]
[Date "2009.08.01"]
[Round "2"]
[White "Kamsky, Gata"]
[Black "Uwira, Oliver"]
[Result "1-0"]
[WhiteElo "2717"]
[BlackElo "2259"]
[PlyCount "61"]
[EventDate "2009.08.01"]
[EventType "swiss (rapid)"]
[EventRounds "11"]
[EventCountry "GER"]
[SourceTitle "CBM 131 Extra"]
[Source "ChessBase"]
[SourceDate "2009.09.03"]
[SourceVersion "2"]
[SourceVersionDate "2009.09.16"]
[SourceQuality "1"]

1. d4 d5 2. Nf3 c5 3. g3 Nc6 4. Bg2 Nf6 5. O-O e6 6. c4 Be7 7. cxd5 exd5 8. Nc3
O-O 9. Bg5 c4 10. Ne5 Be6 11. Nxc6 bxc6 12. b3 Qa5 13. Na4 Rac8 14. e3 h6 15.
Bxf6 gxf6 16. Qh5 Kg7 17. Rfc1 Qb4 18. Bh3 c5 19. dxc5 Bxc5 20. Bf5 Be7 21.
Qg4+ Kh8 22. Bxe6 fxe6 23. Qxe6 Qd6 24. Qh3 Kh7 25. Nc3 Qe5 26. Ne2 Bc5 27.
Qd7+ Kg8 28. Nf4 Rfd8 29. Qg4+ Qg5 30. Qe6+ Kh7 31. Qf7+ 1-0

[Event "Mainz Ordix op 16th"]
[Site "Mainz"]
[Date "2009.08.01"]
[Round "3"]
[White "Zude, Erik"]
[Black "Kamsky, Gata"]
[Result "0-1"]
[WhiteElo "2402"]
[BlackElo "2717"]
[PlyCount "44"]
[EventDate "2009.08.01"]
[EventType "swiss (rapid)"]
[EventRounds "11"]
[EventCountry "GER"]
[SourceTitle "CBM 131 Extra"]
[Source "ChessBase"]
[SourceDate "2009.09.03"]
[SourceVersion "2"]
[SourceVersionDate "2009.09.16"]
[SourceQuality "1"]

1. d4 d5 2. c4 c6 3. Nc3 Nf6 4. e3 g6 5. Nf3 Bg7 6. Bd3 O-O 7. h3 a6 8. O-O
dxc4 9. Bxc4 b5 10. Bd3 c5 11. dxc5 Nfd7 12. Be4 Ra7 13. Nd4 Nxc5 14. Bf3 Rd7
15. Qe2 Rd6 16. b4 Ne6 17. Ne4 Rxd4 18. exd4 Nxd4 19. Qd1 Nxf3+ 20. Qxf3 Bxa1
21. Bf4 Bg7 22. Bxb8 Bb7 0-1

[Event "Mainz Ordix op 16th"]
[Site "Mainz"]
[Date "2009.08.01"]
[Round "4"]
[White "Kamsky, Gata"]
[Black "Jovanovic, Zoran2"]
[Result "1/2-1/2"]
[WhiteElo "2717"]
[BlackElo "2539"]
[PlyCount "80"]
[EventDate "2009.08.01"]
[EventType "swiss (rapid)"]
[EventRounds "11"]
[EventCountry "GER"]
[SourceTitle "CBM 131 Extra"]
[Source "ChessBase"]
[SourceDate "2009.09.03"]
[SourceVersion "2"]
[SourceVersionDate "2009.09.16"]
[SourceQuality "1"]

1. d4 d6 2. Nf3 Nf6 3. c3 g6 4. Bg5 Bg7 5. Nbd2 O-O 6. e4 c5 7. d5 h6 8. Bh4 e6
9. dxe6 Bxe6 10. Bb5 a6 11. Ba4 b5 12. Bb3 Re8 13. Bxf6 Bxf6 14. O-O Nc6 15.
Re1 Qd7 16. h3 c4 17. Bc2 d5 18. exd5 Bxd5 19. Ne4 Bg7 20. Qd2 Rad8 21. Qf4
Bxe4 22. Rxe4 Rxe4 23. Bxe4 Qd6 24. Qh4 Ne5 25. Re1 Re8 26. Nxe5 Rxe5 27. f4
Qe7 28. Qxe7 Rxe7 29. Kf2 Kf8 30. a3 a5 31. Bd5 b4 32. Rxe7 Kxe7 33. axb4 axb4
34. cxb4 Bxb2 35. Bxc4 f6 36. g4 g5 37. Kf3 Bc1 38. f5 Ba3 39. b5 Bc5 40. Ke4
Kd6 1/2-1/2

[Event "Mainz Ordix op 16th"]
[Site "Mainz"]
[Date "2009.08.02"]
[Round "7"]
[White "Sasikiran, Krishnan"]
[Black "Kamsky, Gata"]
[Result "1-0"]
[WhiteElo "2669"]
[BlackElo "2717"]
[PlyCount "79"]
[EventDate "2009.08.01"]
[EventType "swiss (rapid)"]
[EventRounds "11"]
[EventCountry "GER"]
[SourceTitle "CBM 131 Extra"]
[Source "ChessBase"]
[SourceDate "2009.09.03"]
[SourceVersion "2"]
[SourceVersionDate "2009.09.16"]
[SourceQuality "1"]

1. Nf3 Nf6 2. c4 c6 3. d4 d5 4. Nc3 a6 5. g3 dxc4 6. a4 g6 7. a5 Bg7 8. Bg2 O-O
9. O-O Ne8 10. h3 Nd6 11. e4 f6 12. Re1 Nb5 13. Be3 Be6 14. Qa4 Nd7 15. Nd2 Nd6
16. d5 Bf7 17. Nxc4 Nxc4 18. Qxc4 Rc8 19. Qb4 Rc7 20. Red1 Qc8 21. Qxe7 c5 22.
Qd6 Ne5 23. Bf4 Re8 24. Qb6 g5 25. Bxe5 Rxe5 26. Rac1 c4 27. f4 gxf4 28. gxf4
Rh5 29. Qe3 Qd8 30. Ne2 Rh6 31. Nd4 Bf8 32. Kh1 Rc8 33. Ne6 Qxa5 34. f5 Bxe6
35. fxe6 Qc7 36. d6 Bxd6 37. Qxh6 Bf4 38. Qxf6 Rf8 39. Qh4 Bxc1 40. Rd7 1-0

[Event "Jermuk FIDE GP"]
[Site "Jermuk"]
[Date "2009.08.09"]
[Round "1"]
[White "Kamsky, Gata"]
[Black "Bacrot, Etienne"]
[Result "1/2-1/2"]
[WhiteElo "2717"]
[BlackElo "2721"]
[PlyCount "68"]
[EventDate "2009.08.09"]
[EventType "tourn"]
[EventRounds "13"]
[EventCountry "ARM"]
[EventCategory "19"]
[SourceTitle "CBM 132"]
[Source "ChessBase"]
[SourceDate "2009.09.16"]
[SourceVersion "1"]
[SourceVersionDate "2009.09.16"]
[SourceQuality "1"]

1. Nf3 Nf6 2. c4 c5 3. Nc3 d5 4. cxd5 Nxd5 5. d4 Nxc3 6. bxc3 g6 7. g3 Bg7 8.
Bg2 cxd4 9. cxd4 Nc6 10. O-O Nxd4 11. Nxd4 Qxd4 12. Rb1 O-O 13. Qxd4 Bxd4 14.
Bh6 Rd8 15. Bxb7 Rb8 16. Bxc8 Rdxc8 17. Rxb8 Rxb8 18. Rd1 Bc5 19. Rd7 Rc8 20.
a4 a6 21. Kg2 f6 22. Kf3 Bb4 23. Be3 Rc3 24. Rd3 Rc2 25. a5 Kf7 26. Bb6 Rc3 27.
Rxc3 Bxc3 28. Ke4 Ke6 29. Kd3 Be1 30. Kc4 h5 31. f3 Kd6 32. Bc5+ Ke6 33. Bb6
Kd6 34. Bc5+ Ke6 1/2-1/2

[Event "Jermuk FIDE GP"]
[Site "Jermuk"]
[Date "2009.08.10"]
[Round "2"]
[White "Jakovenko, Dmitrij"]
[Black "Kamsky, Gata"]
[Result "1-0"]
[WhiteElo "2760"]
[BlackElo "2717"]
[Annotator "Ftacnik,L"]
[PlyCount "57"]
[EventDate "2009.08.09"]
[EventType "tourn"]
[EventRounds "13"]
[EventCountry "ARM"]
[EventCategory "19"]
[SourceTitle "CBM 132"]
[Source "ChessBase"]
[SourceDate "2009.09.16"]
[SourceVersion "1"]
[SourceVersionDate "2009.09.16"]
[SourceQuality "1"]

1. Nf3 Nf6 2. c4 c6 3. d4 d5 4. Nc3 a6 5. e3 g6 6. Bd3 Bg7 7. O-O O-O 8. Qb3 e6
{Kamsky does not want to start the theoretical discussion about opening of the
centre with the immediate swap on c4. Black can try to complete development
first as his position is very compact.} (8... dxc4 9. Bxc4 b5 (9... Ne8 10. Be2
Nd6 11. Rd1 Bg4 12. h3 Bxf3 13. Bxf3 Nd7 14. Ne4 Qc7 15. Qc2 Rac8 16. Bd2 Nxe4
17. Bxe4 e5 $14 {1/2-1/2 Chernin,A (2572)-Movsesian,S (2666)/Austria 2001 (21)}
) 10. Be2 Bf5 (10... Nbd7 11. a4 Rb8 12. axb5 axb5 13. Bd2 Bb7 14. Rfd1 Qe8 15.
Ng5 e5 16. Bf3 c5 17. Bxb7 Rxb7 18. Nce4 c4 19. Qa3 Nxe4 20. Nxe4 Qe6 $11 {
0-1 Gritsak,O (2550)-Miroshnichenko,E (2483)/Polanica Zdroj 1999 (39)}) (10...
c5 11. dxc5 Nc6 12. a3 Qc7 13. Qc2 Rd8 14. Bd2 b4 15. axb4 Nxb4 16. Qb3 Rb8 17.
Nb5 Nc6 18. Qxf7+ Kxf7 19. Nxc7 $16 {1/2-1/2 Khruschiov,A (2499)-Gabrielian,A 
(2486)/Cheliabinsk 2008 (67)}) 11. Bd2 c5 12. dxc5 Nbd7 13. Qa3 Qc8 14. b4 Ne4
15. Nxe4 Bxa1 16. Ng3 Bg7 17. Nxf5 gxf5 18. Qd3 $14 {0-1 Antic,D (2480)-Xie,G 
(2413)/Cammeray 2008 (18)}) 9. e4 (9. Rd1 Nbd7 10. a4 Qe7 11. Be2 b6 12. a5 b5
13. cxb5 cxb5 14. Bd2 Bb7 15. Na2 Rfc8 16. Bb4 Qd8 $11 {1-0 Glicenstein,A 
(2298)-Steimer,M (2175)/Issy les Moulineaux 2003 (27)}) 9... dxe4 10. Bxe4 Nbd7
11. Be3 Qc7 12. c5 $6 {It may still be true about White, that obtaining
advantage is tough without the help of an opponent. Jakovenko has decided for
the responsible move with the risk, that he will have to pay the price.} (12.
g3 Ng4 13. Bf4 e5 14. dxe5 Ngxe5 $11) 12... Ng4 {The game will be full of
moves that fail to meet the mark of coming close to being best. A very sound
impression is made by this logical advance in the centre.} (12... e5 $1 13. Qc4
(13. Rfe1 Ng4 14. Rad1 exd4 15. Bxd4 Bxd4 16. Rxd4 Nxc5 17. Qa3 Ne6 $15) 13...
Ng4 14. d5 (14. Rae1 exd4 15. Bxd4 Nde5 16. Nxe5 Be6 17. Qa4 Bxe5 18. g3 Bxd4
19. Qxd4 Rad8 $15) 14... Nxe3 15. fxe3 cxd5 16. Nxd5 Qxc5 17. Rac1 Qxc4 18.
Rxc4 f5 19. Bc2 e4 $15) 13. Bg5 $6 {White continues his play with vigour and
enthusiasm partly based on a tactical oversight in the critical position.} (13.
h3 Nxe3 14. fxe3 e5 $11) 13... e5 $1 (13... Bxd4 14. h3 Nxc5 15. Qc4 Bxf2+ 16.
Rxf2 Nxf2 17. Kxf2 Qb6 18. Kg3 f5 (18... Qxb2 19. Qxc5 Qxa1 20. Bh6) 19. Bc2
Qxb2 20. Rb1 Qxc2 21. Qxc5 $16) 14. Be7 (14. h3 exd4 15. Na4 Ngf6 (15... Nge5
16. Nxd4 $14) 16. Rfe1 $11) 14... exd4 15. Na4 {Fortunatelly the retreat to
mother earth is still possible, but the blow against c5 after 15.Bd6? would
have been a nasty awakening.} (15. Bxf8 Bxf8 16. Na4 Nxc5 17. Qb6 (17. Nxc5
Bxc5 $17) 17... Qxb6 18. Nxb6 Rb8 19. Bb1 $15) (15. Bd6 $2 Nxc5 $1 16. Bxc5
dxc3 (16... Re8 17. Bb6 Qf4 18. Nd5 cxd5 19. Bxd5 Be6 20. Rad1 $15) 17. Bxf8
Be6 18. Qc2 Rxf8 19. bxc3 f5 20. Bd3 Qf4 $15) 15... Qf4 $5 (15... Re8 16. Bd6
Qd8 17. Rae1 Bf8 $11) 16. Rfe1 (16. Bxf8 Bxf8 17. Rfe1 Nxc5 18. Nxc5 Bxc5 19.
Rac1 Ba7 20. Bd3 $11) 16... Re8 $6 {[%mdl 64] The comedy of smaller and bigger
errors is in fact only beginning. Kamsky is neglecting the possibility of
grabbing the initiative with the immediate move of the knight.} (16... Nde5 $5
17. g3 (17. Bd6 d3 18. Nb6 Be6 19. Qa4 Nxf3+ 20. Bxf3 Qxa4 21. Nxa4 Rfe8 $17)
17... Qh6 18. h4 Be6 19. Qd1 Nxf3+ 20. Bxf3 Ne5 21. Nb6 Rae8 22. Bxf8 Rxf8 $15)
17. Bd6 (17. Bg5 $1 Qc7 18. Bc2 (18. h3 Nge5 19. Nxd4 Qa5 $11) 18... Nde5 19.
Nxd4 Bd7 $14) 17... Be5 $2 {The centralisation of the bishop represents a
serious mistake, the move of the knight was still good for equality.} (17...
Nde5 18. h3 Nxf3+ 19. Qxf3 (19. Bxf3 Ne5 20. Be4 (20. Nb6 Be6 $17) 20... Qg5
$15) 19... Qxf3 20. Bxf3 Ne5 21. Nb6 Nxf3+ 22. gxf3 Bxh3 23. Nxa8 Rxa8 24. Re7
$11) 18. Bc2 $1 Re6 (18... Nxh2 19. Rxe5 $1 Nxe5 20. Nxh2 Qg5 21. Be4 $16) (
18... d3 19. Qxd3 Nxh2 20. Nxe5 Nxe5 21. Rxe5 Rxe5 22. Bxe5 Qxe5 23. Qd6 Qxd6
24. cxd6 Ng4 25. Nb6 $16) 19. h3 Nxf2 {Black have reasoned, that after the
retreats of the knight he will lose material without any compensation. In such
light the sacrifice of the knight seemed like a sensible choice.} (19... Ngf6
20. g3 Qh6 21. Nxe5 $18) (19... Nh6 20. Nxe5 Nxe5 21. Re4 Qf6 22. Nb6 d3 (22...
Rxd6 23. cxd6 Be6 24. Qg3 $18) 23. Bxe5 Rxe5 24. Qc3 Rf5 25. Bxd3 $18) 20. Nxe5
{We have to be restrained with the question marks, but it was objectively much
better to accept the sacrifice of the knight.} (20. Kxf2 $1 b5 21. cxb6 Rxd6
22. b7 Bxb7 23. Qxb7 Rb8 24. Qc7 $16) 20... Nxe5 21. Rf1 $2 (21. Rxe5 Rxe5 22.
Bxe5 Nxh3+ 23. Qxh3 Qxe5 24. Qh4 Qe3+ 25. Kh2 Be6 $14) 21... Nf3+ $2 {The
final stage in the tragedy of inaccuracies has begun with a slightly desperate
sacrifice. Kamsky has failed to notice, that the fight is far from over and
the supporting of the knight would give him the chance to continue to mobilise
his forces. The jusfified result of the game would have been a draw.} (21...
Nxh3+ 22. Qxh3 Qg5 23. Qh2 Ng4 24. Qf4 $16) (21... Rf6 $1 22. Bxe5 (22. Nb6 Be6
$19) 22... Qxe5 23. Rxf2 Be6 24. Qa3 (24. Qxb7 $2 Rxf2 25. Qxa8+ Kg7 $19) 24...
Rxf2 25. Kxf2 Bc4 26. Nb6 d3 27. Nxa8 (27. Nxc4 Qe2+ 28. Kg3 dxc2 29. Qc3 (29.
Nd6 Qd1 30. Qb3 Qxa1 31. Qxf7+ Kh8 32. Qf6+ $11) 29... Qd1 30. b4 Re8 $11)
27... Qd4+ 28. Kg3 Qe5+ 29. Kf2 Qd4+ $11) 22. Qxf3 Qxf3 23. gxf3 Nxh3+ 24. Kh1
Re2 25. Bd1 Nf2+ $6 {Black is fighting without the piece, on top of it the
threat of Nb6 is looming. In fact the only right he had left was the choice of
how to part with the game.} (25... Rf2 26. Rxf2 Nxf2+ 27. Kg2 Nxd1 28. Rxd1 Bf5
29. Rxd4 $18) 26. Rxf2 Rxf2 27. Kg1 Rd2 28. Nb6 Ra7 29. Nc4 {Both rooks have
got curiously trapped, the game is simply over.} 1-0

[Event "Jermuk FIDE GP"]
[Site "Jermuk"]
[Date "2009.08.11"]
[Round "3"]
[White "Kamsky, Gata"]
[Black "Akopian, Vladimir Eduardovic"]
[Result "1/2-1/2"]
[WhiteElo "2717"]
[BlackElo "2712"]
[Annotator "Kritz,L"]
[PlyCount "58"]
[EventDate "2009.08.09"]
[EventType "tourn"]
[EventRounds "13"]
[EventCountry "ARM"]
[EventCategory "19"]
[SourceTitle "CBM 132"]
[Source "ChessBase"]
[SourceDate "2009.09.16"]
[SourceVersion "1"]
[SourceVersionDate "2009.09.16"]
[SourceQuality "1"]

1. e4 e5 2. Nf3 Nf6 {Die Russische Partie gilt heute als sicherste Eröffnung
gegen 1.e4, wenn Schwarz einen theoretischen Ausgleich anstrebt. Weiß hat
mehrere Wege, dagegen zu kämpfen, doch nirgendswo ist ein realistischer
Eröffnungsvorteil zu sehen.} 3. d4 {Diese Variante gewann innerhalb der
letzten Jahre einiges an Popularität, doch es scheint, dass auch hier Schwarz
einen klaren Weg zum Ausgleich gefunden hat. Hauptvariante ist 3.Nxe5.} (3.
Nxe5 {ist der Hauptzug} d6 4. Nf3 Nxe4 5. d4 ({Sehr populär ist heute die
Variante} 5. Nc3 Nxc3 6. dxc3 {, wonach Schwarz am sichersten die Varianten
mit langen Rochade auswählt:} Nc6 7. Be3 Be7 8. Qd2 Be6 9. O-O-O Qd7 10. Ng5
Bxg5 11. Bxg5 f6 12. Be3 O-O-O {Das ist im Grunde genommen das Maximum,
welches Weiß erreichen kann - das Läuferpaar bei einer Stellung, in der die
Läufer nicht ihre volle Aktivität aufbringen können.}) 5... d5 6. Bd3 Nc6 7.
O-O Be7 8. c4 Nb4 9. Be2 O-O 10. Nc3 Bf5 11. a3 Nxc3 12. bxc3 Nc6 13. cxd5 Qxd5
14. Bf4 Rac8 15. Re1 Rfe8 {Das ist eine der populärsten und wichtigsten
Stellungen der modernen Schachtheorie überhaupt. Die ausanalysierten Varianten
reichen bis zu dem 40-45 Zug und führen zu technischen Endspielen, die Remis
enden. Auf dem Wege zu dieser Stellung gibt es unzählige Möglichkeiten wie für
Weiß, so auch für Schwarz.}) (3. Nc3 {wird am besten mit} Nc6 {pariert, so
dass das Spiel zum Vier-Springerspiel wechselt.}) 3... Nxe4 (3... exd4 4. e5
Ne4 5. Qxd4 d5 (5... f5 6. Bc4 Bc5 7. Qxc5 $1 Nxc5 8. Bg5 Qxg5 9. Nxg5 Nc6 10.
O-O $14 {Bacrot - Morozevich (Biel, 2003)}) 6. exd6 Nxd6 7. Nc3 Nc6 8. Qf4 $14
{Die weiße Dame hat auf f4 einen sehr guten Feld gefunden, wo sie nicht
angegriffen werden kann. Da die Bauernstruktur völlig symmetrisch ist, hat der
jenige Vorteil, der besser platzierten Figuren hat, um Initiative zu
entwickeln. Das ist hier natürlich Weiß, weil seine Springer besser stehen.})
4. Bd3 d5 5. dxe5 $5 {Lange Zeit blieb diese Variante im Schatten, obwohl Weiß
großartige Ergebnisse erzielt hat. Doch heute gibt es auch hier für Schwarz
keine Schwierigkeiten mehr.} Nc5 (5... Nc6 6. O-O Bg4 7. Nc3 (7. h3 $6 {
lässt Schwarz sofort zum Ausgleich kommen.} Bxf3 8. Qxf3 (8. gxf3 Nc5 9. f4 Qh4
10. Nc3 O-O-O 11. Bf5+ Kb8 12. Qg4 Nd4 13. Rd1 h5 14. Qxh4 Nf3+ 15. Kf1 Nxh4
16. Bd3 Be7 $15 {Sutovsky - Motylev (Poikovsky, 2009)}) 8... Nxe5 9. Qe2 Qe7 $1
10. Bxe4 dxe4 11. Qxe4 O-O-O $11) 7... Nxc3 8. bxc3 Bc5 9. Re1 O-O 10. h3 Bh5
11. Rb1 b6 $132 {Bacrot - Wang Yue (Baku, 2008)}) (5... Be7 6. O-O O-O 7. c4 (
7. Nc3 Nxc3 8. bxc3 c5 9. c4 dxc4 10. Bxc4 Qxd1 11. Rxd1 Nc6 12. Bd5 Be6 13.
Bxc6 bxc6 14. Bg5 Bxg5 15. Nxg5 Bd5 $11 {und Schwarz hatte keine
Schwierigkeiten in Radjabov - Wang Yue (Nice, 2009)}) 7... Nc6 8. Bc2 Nb4 9.
cxd5 Nxc2 10. Qxc2 Qxd5 11. Re1 $5 (11. Rd1 Qc6 12. Qxc6 bxc6 13. Be3 c5 14.
Nbd2 Nxd2 15. Nxd2 Be6 16. Rdc1 Rfd8 17. Nb3 Bxb3 18. axb3 Rd5 $132 {Jakovenko
- Harikrishna (Dagomys, 2008)}) 11... Nc5 12. Bg5 $1 {Die Idee von Weiß ist es,
so schnell wie möglich die Entwicklung zu vollenden und das Zentrum zu
okkupieren.} Qd8 (12... Bxg5 $6 13. Nxg5 g6 14. Nc3 Qc4 15. b3 Bf5 16. Qc1 Qd4
17. Nf3 Qd7 18. Qh6 $16) 13. Bxe7 Qxe7 14. Nc3 $14 {Sutovsky - Bologan 
(Poikovsky, 2009)}) 6. Be2 {Weiß behält den Läufer, verliert jedoch ziemlich
viel Zeit.} (6. O-O Nxd3 7. Qxd3 Be7 8. Nc3 c6 9. Nd4 O-O 10. f4 f5 11. Rd1 (
11. Nb3 Na6 12. Be3 Nc7 $132 {Navara - Kramnik (Prague, 2008)}) 11... Na6 12.
Nb3 Nc7 13. Be3 Ne6 14. Ne2 $14 {Schwarz hat sich ziemlich passiv aufgebaut,
deswegen hatte Weiß einen Vorteil in Hracek - Motylev (Dresden, 2007)}) 6...
Be7 7. O-O (7. Nc3 {Dieser Zug hat den großen Nachteil, dass der Springer auf
c3 durch die Bauern c6-d5 sehr begrenzt wird.} c6 8. O-O O-O 9. Nd4 f6 10. Bf4
Ne6 11. Bg3 fxe5 12. Bxe5 Bf6 13. Nxe6 Bxe6 $11 {Guliyev - Nezar (Nancy, 2008)}
) 7... O-O 8. Be3 Nc6 (8... c6 9. Nbd2 $1 {Spielt Schwarz c6 bevor Weiß Nc3
gezogen hat, so entwickelt sich der Springer nach d2.} Nba6 10. c3 Nc7 11. Qc2
f5 12. exf6 Rxf6 13. Nd4 N5e6 14. Bd3 $14 {Kobalia - Hera (Budva, 2009)}) 9.
Nc3 {Jetzt kann Schwarz kein c6 mehr spielen, deswegen steht der Springer auf
c3 gar nicht mehr so schlecht.} Be6 10. a3 {Weiß hat eine Menge Alternativen:}
(10. Qe1 Ne4 11. Nb5 Qd7 12. Nbd4 Bg4 13. Nxc6 bxc6 $11 {Balogh - Grabarczyk 
(Warsaw, 2009)}) (10. Nb5 Nd7 11. Bf4 a6 12. Nbd4 Nxd4 13. Nxd4 c5 14. Nxe6
fxe6 15. Bg3 c4 $1 {Schwarz muss verhindern, dass Weiß selbst c4 spielt.} 16.
Bg4 Nc5 $132 {1/2-1/2 Shirov,A (2726)-Gelfand,B (2719)/Kallithea GRE 2008/The
Week in Chess 729 (37)}) (10. Qc1 d4 $6 (10... Nd7 $1 $132) 11. Rd1 dxe3 12.
Rxd8 exf2+ 13. Kh1 Raxd8 14. Qe3 Nd7 15. Qxf2 $16 {Kobalia - Kunin (Budva,
2009)}) 10... a6 (10... Qd7 11. Qe1 Ne4 {Weiß hat nichts gewonnen im Vergleich
zu der Variante 10.Qe1} 12. Rd1 Nxc3 13. Qxc3 a6 {Schwarz nimmt das Feld b5
unter Kontrolle, um die unangenehme Fesselung zu verhindern.} 14. Bc5 Rad8 15.
Bxe7 Qxe7 16. Rfe1 Rd7 $11 {David - Guliyev (Metz , 2009)}) 11. Qe1 Qe8 $1 $146
{Eine Verstärkerung der Vorgängerpartie.} ({Nach} 11... Qc8 12. Rd1 Rd8 13. h3
h6 14. Nd4 Nxd4 15. Rxd4 c6 16. b4 Nd7 17. f4 $36 {hatte Weiß gefährliche
Initiative in Bologan - Huzman (Budva, 2009)}) 12. Nd4 (12. Rd1 Rd8 13. h3 {
Analog zur Partie Bologan - Huzman} h6 14. Nd4 Nxd4 15. Rxd4 f6 $1 $132 {
und Schwarz hat gutes Gegenspiel.}) 12... Nxd4 (12... Nxe5 {Den Bauern sollte
man nicht nehmen.} 13. f4 Nc4 14. Bf2 $1 Nxb2 15. f5 Bd7 16. Nxd5 $44 {Weiß
hat exzellente Kompensation für den Bauern.}) 13. Bxd4 Na4 {Abtauschstrategie
führt zu Vereinfachungen und dementsprechend zu völligem Ausgleich.} ({Es
verdient Betrachtung} 13... Nd7 $5 {Schwarz hat eigentlich schon ausgeglichen,
und kann auf Gegenspiel hoffen.} 14. b4 {Ansonsten kommt c5-d4.} f6 15. exf6
Bxf6 16. Bxf6 Nxf6 $132) 14. b3 Nxc3 15. Bxc3 (15. Qxc3 $4 {/\Bc5} c5 $1 16.
Bxc5 Rc8 17. b4 b6 18. Bxa6 Rc7 $19) 15... f5 {Schwarz versucht nicht mal zu
kontern.} (15... c5 $5 {führt zu interessantem Spiel.} 16. f4 d4 17. Bd2 Qd7
$132) 16. exf6 Bxf6 17. Bd3 Bf5 {Der einfachste Weg, das Remis zu erzwingen.}
18. Bxf5 (18. Bxf6 Rxf6 19. Bxf5 Rxf5 $11) 18... Qxe1 19. Raxe1 Bxc3 20. Be6+
Kh8 21. Re3 Bb2 22. Bxd5 c6 $11 23. Bf3 Bxa3 24. Rd1 Rad8 25. Red3 Rxd3 26.
Rxd3 g6 27. Rd7 Re8 28. g3 Re7 29. Bg4 Rxd7 1/2-1/2